Studie profylaktické a léčivé imunisace při febris canum catarrhalis-- /

Hlavní autor: Michálek, Jiří, veterinář
Jazyk: Čeština
Vydáno: Brno : [Vysoká škola zvěrolékařská], 1949
Fyzický popis: 74 s.
Knihy
Uloženo v:
LEADER 00704nam a2200193 a 4500
001 000640832
003 CZ BrMZK
005 20070207142409.0
007 ta
008 021206s1949 xr f cze d
040 |a BOA001  |b cze  |c BOA001 
100 1 |a Michálek, Jiří,  |c veterinář  |4 dis 
245 1 0 |a Studie profylaktické a léčivé imunisace při febris canum catarrhalis-- /  |c předkládá Jiří Michálek 
260 |a Brno :  |b [Vysoká škola zvěrolékařská],  |c 1949 
300 |a 74 s. 
502 |a Disertace -- Vysoká škola zvěrolékařská v Brně, 1949 
910 |a BOA001  |b 4-0246.832 
990 |a BK 
996 6 |b BC-65805  |c 4-0246.832  |l MZK  |r Sklad / do 24 hodin  |n 0  |w 000640832  |u 000010  |a 1  |e BOA001  |j MZK50  |s P